System of systems engineering :innovations for the 21st century -( E-BOOK) (Record no. 192938)

000 -LEADER
fixed length control field 02293 a2200265 4500
003 - CONTROL NUMBER IDENTIFIER
control field Nust
005 - DATE AND TIME OF LATEST TRANSACTION
control field 20170207154047.0
010 ## - LIBRARY OF CONGRESS CONTROL NUMBER
LC control number 2008018996
020 ## - INTERNATIONAL STANDARD BOOK NUMBER
International Standard Book Number 0470195908 (hbk.)
020 ## - INTERNATIONAL STANDARD BOOK NUMBER
International Standard Book Number 9780470195901 (hbk.)
035 ## - SYSTEM CONTROL NUMBER
System control number (OCoLC)226308199
035 ## - SYSTEM CONTROL NUMBER
System control number (OCoLC)ocn226308199
040 ## - CATALOGING SOURCE
Transcribing agency Nust
082 00 - DEWEY DECIMAL CLASSIFICATION NUMBER
Classification number 620.001
245 00 - TITLE STATEMENT
Title System of systems engineering :innovations for the 21st century -( E-BOOK)
Statement of responsibility, etc. edited by Mo Jamshidi.
260 ## - PUBLICATION, DISTRIBUTION, ETC.
Place of publication, distribution, etc. Hoboken, N.J. :
Name of publisher, distributor, etc. Wiley,
Date of publication, distribution, etc. c2009.
300 ## - PHYSICAL DESCRIPTION
Extent xix, 591 p. :
Other physical details ill., maps ;
Dimensions 25 cm.
440 #0 - SERIES STATEMENT/ADDED ENTRY--TITLE
Title Wiley series in systems engineering and management
505 0# - FORMATTED CONTENTS NOTE
Formatted contents note 1. Introduction to System of Systems (Page-1), 2. An Open Systems Approach to System of Systems Engineering (Page-21), 3. Engineering of a System of Systems (Page-44), 4. System of Systems Architecting (Page-77), 5. Modeling and Simulation for Systems of Systems Engineering (Page-101), 6. Net Centricity and System of Systems (Page-150), 7. Emergence in System of Systems (Page-169), 8. System of Systems Management (Page-191), 9. Systems Engineering for Department of Defense Systems of Systems (Page-218)_, 10. Boeing’s SoSE Approach to e-Enabling Commercial Airlines (Page-232), 11. System of Systems Perspectives on Infrastructures (Page-257), 12. Advances in Wireless Sensor Networks: A Case Study in System of Systems Perspective (Page-275), 13. A System of Systems View of Services (Page-293), 14. System of Systems Engineering in Space Exploration (Page-317), 15. Communication and Navigation Networks in Space System of Systems (Page-348), 16. Operation and Control of Electrical Power Systems (Page-385), 17. Future Transportation Fuel System of Systems (Page-409), 18. Sustainable Environmental Management from a System of Systems Engineering Perspective (Page-443), 19. Robotic Swarms as System of Systems (Page-482), 20. Understanding Transportation as a System of Systems Problem (Page-520), 21. Health Care System of Systems (Page-542), 22. System of Systems Engineering of GEOSS (Page-551).
650 #0 - SUBJECT ADDED ENTRY--TOPICAL TERM
Topical term or geographic name entry element Large scale systems.
650 #0 - SUBJECT ADDED ENTRY--TOPICAL TERM
Topical term or geographic name entry element Telecommunications engineering - (E-BOOK)
651 ## - SUBJECT ADDED ENTRY--GEOGRAPHIC NAME
Geographic name E-BOOK
700 1# - ADDED ENTRY--PERSONAL NAME
Personal name Jamshidi, Mohammad.
856 41 - ELECTRONIC LOCATION AND ACCESS
Materials specified Table of contents only
Uniform Resource Identifier <a href="http://www.loc.gov/catdir/toc/fy0903/2008018996.html">http://www.loc.gov/catdir/toc/fy0903/2008018996.html</a>
942 ## - ADDED ENTRY ELEMENTS (KOHA)
Source of classification or shelving scheme
Koha item type Book
Holdings
Withdrawn status Lost status Source of classification or shelving scheme Damaged status Not for loan Collection code Permanent Location Current Location Date acquired Total Checkouts Full call number Barcode Date last seen Price effective from Koha item type
            Military College of Signals (MCS) Military College of Signals (MCS) 12/12/2016   620.001 SYS MCSEB-2331 12/08/2016 12/12/2016 Book
© 2023 Central Library, National University of Sciences and Technology. All Rights Reserved.